000
00256nam a2200109Ia 4500
008
201224s9999 xx 000 0 und d
100
_a
Peters, Tom
245
2
_a
A passion for excellence
260
_a
New Delhi
_b
Harper Collins
300
_a
437
942
_c
BK
999
_c
8992
_d
8992